00685nam a22002057a 4500003000400000008004100004082001800045100001800063245010800081260006800189300001000257502001600267650001700283650001300300650001100313650001100324942001100335999001700346952011600363OSt260430b |||||||| |||| 00| 0 eng d a635.642bS48S aSingh, Ajeet. aStudies on Genotype X Environment Interaction in Tomato (Lycopersicon esculentum mill.)cby Ajeet Singh a.- Sabour, Bhagalpurb: Bihar Agricultural College, RAUc, 1995 a129p. bPh.D.d1995 aHorticulture aTomatoes aThesis aPh. D. 2ddccT c50345d50345 00102ddc4070aRAUbRAUd2026-04-30eby Authorg0.00l0o635.642 S48Sp45212r2026-04-30w2026-04-30yTkGift